Manchester United Squad 2019-2020 - Statistics

General Stats
  • This quiz has been taken 152 times
  • The average score is 24 of 30
Answer Stats
# Position Nation Player % Correct
1 GK Spain David de Gea
100%
10 FW England Marcus Rashford
99%
9 FW France Anthony Martial
98%
8 MF Spain Juan Mata
98%
6 MF France Paul Pogba
98%
2 DF Sweden Victor Lindelöf
98%
3 DF Ivory Coast Eric Bailly
97%
5 DF England Harry Maguire
97%
17 MF Brazil Fred
93%
4 DF England Phil Jones
93%
20 DF Portugal Diogo Dalot
91%
39 MF Scotland Scott McTominay
91%
18 MF Portugal Bruno Fernandes
90%
22 GK Argentina Sergio Romero
90%
21 FW Wales Daniel James
89%
23 DF England Luke Shaw
89%
31 MF Serbia Nemanja Matić
89%
16 DF Argentina Marcos Rojo
85%
14 MF England Jesse Lingard
80%
- Coach Norway Ole Gunnar Solskjær
80%
25 FW Nigeria Odion Ighalo
77%
29 DF DR Congo Aaron Wan-Bissaka
74%
15 MF Brazil Andreas Pereira
64%
26 FW England Mason Greenwood
61%
13 GK England Lee Grant
60%
18 DF England Ashley Young
47%
38 DF England Axel Tuanzebe
42%
44 FW Netherlands Tahith Chong
40%
53 DF England Brandon Williams
38%
24 DF Netherlands Timothy Fosu-Mensah
33%
No matching quizzes found
Score Distribution
Percent of People with Each Score
Percentile by Number Answered
Your Score History
You have not taken this quiz